000 00451cam a22001457a 4500
008 180718b1967 xxu||||| |||| 00| 0 eng d
082 _aT19x54 J181
100 _aJagannarayanan, S.
245 _aIndian under Nehru
_cby S. Jagannarayanan
260 _aDelhi
_bMotilal Banarasidass
_c1967
300 _a118p.
650 _aNehru, Jawaharlal - Criticism and Interpretation
650 _aIndia - Economic Policy
650 _aEconomic Development - India
999 _c371575
_d371575